| 000 | 00608nam a22001697a 4500 | ||
|---|---|---|---|
| 005 | 20120606143511.0 | ||
| 020 |
_a8171771564 _c00 |
||
| 035 | _aB-128990 | ||
| 037 |
_aDPL _bENG |
||
| 100 |
_aChawla, S. K. _948544 |
||
| 245 |
_aLaw of arbitration and conciliation : _bPractice and procedure / _cby S.K. Chawla |
||
| 250 | _a2nd ed. | ||
| 260 |
_aKolkata _bEastern Law House _c2004 |
||
| 300 |
_a1060p. _c22 cms. |
||
| 942 |
_2ddc _cEN _h347.5409 _mCHA |
||
| 999 |
_c67586 _d67586 |
||